Electricity And Electronics For Renewable Energy Technology: (Record no. 9447)

MARC details
000 -LEADER
fixed length control field 00599nam a22001937a 4500
003 - CONTROL NUMBER IDENTIFIER
control field OSt
005 - DATE AND TIME OF LATEST TRANSACTION
control field 20241017103304.0
008 - FIXED-LENGTH DATA ELEMENTS--GENERAL INFORMATION
fixed length control field 241017b |||||||| |||| 00| 0 eng d
020 ## - INTERNATIONAL STANDARD BOOK NUMBER
International Standard Book Number 9781482261769
040 ## - CATALOGING SOURCE
Original cataloging agency MUST
Transcribing agency DDC
082 ## - DEWEY DECIMAL CLASSIFICATION NUMBER
Classification number 621.381 HEM 2015
100 ## - MAIN ENTRY--PERSONAL NAME
Personal name Hemami Ahmad
9 (RLIN) 19270
245 ## - TITLE STATEMENT
Title Electricity And Electronics For Renewable Energy Technology:
Remainder of title An Introduction/
Statement of responsibility, etc. Hemami Ahmad.
260 ## - PUBLICATION, DISTRIBUTION, ETC. (IMPRINT)
Place of publication, distribution, etc. New York:
Name of publisher, distributor, etc. CRC Taylor & Francis Group.
Date of publication, distribution, etc. 2015.
300 ## - PHYSICAL DESCRIPTION
Extent xxi,779p.:
Other physical details col. ill.,maps;
Dimensions 25cm.
504 ## - BIBLIOGRAPHY, ETC. NOTE
Bibliography, etc Includes Appendixes
650 ## - SUBJECT ADDED ENTRY--TOPICAL TERM
Topical term or geographic name as entry element Engineering
9 (RLIN) 373
942 ## - ADDED ENTRY ELEMENTS (KOHA)
Source of classification or shelving scheme Dewey Decimal Classification
Koha item type Open Shelf
Holdings
Withdrawn status Lost status Source of classification or shelving scheme Damaged status Not for loan Home library Current library Source of acquisition Inventory number Total Checkouts Full call number Barcode Date last seen Koha item type Date acquired Price effective from
    Dewey Decimal Classification     MUST Main Library MUST Main Library PURCHASE 24/42310   621.381 HEM 2015 2024-22507 17/10/2024 Open Shelf    
    Dewey Decimal Classification     MUST Main Library MUST Main Library PURCHASE 24/42311   621.381 HEM 2015 2024-22508 17/10/2024 Open Shelf 17/10/2024 17/10/2024